[Event "Lueneburg op-A"]
[Site "Lueneburg"]
[Date "2017.07.10"]
[Round "3"]
[White "Klink, Torben"]
[Black "Colpe, Malte"]
[Result "0-1"]
[WhiteElo "2111"]
[BlackElo "2412"]
[PlyCount "34"]
[EventDate "2017.07.08"]
[EventType "swiss"]
[EventRounds "9"]
[EventCountry "GER"]
[SourceTitle "CBM 179 Extra"]
[Source "ChessBase"]
[SourceDate "2017.08.23"]
[SourceVersion "1"]
[SourceVersionDate "2017.08.23"]
[SourceQuality "1"]

1. d4 Nf6 2. c4 g6 3. f3 c5 4. d5 e6 5. e4 d6 6. Bg5 Bg7 7. Qd2 exd5 8. cxd5 0-0 9. Ne2 b5 10. a4 b4 11. Ng3 Nbd7 12. Bh6 Re8 13. Bxg7 Kxg7 14. Be2 h5 15. Qg5 Nf8 16. Nd2 N8h7 17. Qf4 h4 0-1

[Event "Lueneburg op-A"]
[Site "Lueneburg"]
[Date "2016.07.02"]
[Round "2"]
[White "Bangert, Ruediger"]
[Black "Klink, Torben"]
[Result "0-1"]
[WhiteElo "1593"]
[BlackElo "2098"]
[PlyCount "80"]
[EventDate "2016.07.01"]
[EventType "swiss"]
[EventRounds "9"]
[EventCountry "GER"]
[SourceTitle "CBM 173 Extra"]
[Source "ChessBase"]
[SourceDate "2016.08.29"]
[SourceVersion "1"]
[SourceVersionDate "2016.08.29"]
[SourceQuality "1"]

1. d4 Nf6 2. c4 c5 3. d5 e6 4. Nc3 exd5 5. cxd5 d6 6. e3 g6 7. Nf3 Bg7 8. Bd2 a6 9. a4 Bg4 10. Be2 0-0 11. h3 Bxf3 12. Bxf3 Re8 13. h4 Nbd7 14. g4 Ne5 15. Be2 c4 16. g5 Nfd7 17. Ne4 Nc5 18. Nxc5 dxc5 19. Bc3 b5 20. axb5 axb5 21. Rxa8 Qxa8 22. 0-0 b4 23. Bxe5 Rxe5 24. Bxc4 Re4 25. Qe2 Qc8 26. f3 Rxe3 27. Qg2 Bd4 28. Kh1 Qf5 29. b3 Rc3 30. d6 Qd7 31. Qg3 Re3 32. Qg4 Qxd6 33. h5 gxh5 34. Qxh5 Qf4 35. Qh3 Rc3 36. Bd5 Qxg5 37. Be4 h5 38. Qc8+ Kg7 39. Qh3 Rxb3 40. f4 Rxh3# 0-1

[Event "Leipzig VfB op 14th"]
[Site "Leipzig"]
[Date "2007.03.24"]
[Round "8"]
[White "Doberitz, Paul"]
[Black "Klink, Torben"]
[Result "1/2-1/2"]
[WhiteElo "1967"]
[BlackElo "2107"]
[PlyCount "82"]
[EventDate "2007.03.20"]
[EventType "swiss"]
[EventRounds "9"]
[EventCountry "GER"]
[SourceTitle "EXT 2008"]
[Source "ChessBase"]
[SourceDate "2007.11.25"]
[SourceVersion "1"]
[SourceVersionDate "2007.11.25"]
[SourceQuality "1"]

1. e4 c5 2. Nf3 Nc6 3. d4 cxd4 4. Nxd4 g6 5. Nc3 Bg7 6. Be3 Nf6 7. Bc4 Qa5 8. 0-0 0-0 9. Bb3 d6 10. h3 Bd7 11. f4 Qh5 12. Qd2 b5 13. Qd3 b4 14. Nd5 Nxd5 15. Nxc6 Bxc6 16. exd5 Bd7 17. Bd4 Bb5 18. Qxb5 Bxd4+ 19. Kh2 Bxb2 20. Rae1 Rab8 21. Qd7 Qh4 22. Rxe7 Rfd8 23. Qxa7 Ra8 24. Qe3 Qf6 25. Re1 Bd4 26. Qg3 Bc5 27. Qf3 Kf8 28. R7e4 Re8 29. Qe2 Rxe4 30. Qxe4 Qd4 31. Qxd4 Bxd4 32. Re4 Bc5 33. Kg3 Re8 34. Kf3 Rxe4 35. Kxe4 f5+ 36. Kf3 Kf7 37. Bc4 Kf6 38. Bd3 Kf7 39. g4 Kf6 40. Kg3 Bd4 41. gxf5 gxf5 1/2-1/2

[Event "Leipzig VfB op 14th"]
[Site "Leipzig"]
[Date "2007.03.24"]
[Round "7"]
[White "Klink, Torben"]
[Black "Pohl, Gunnar"]
[Result "1-0"]
[WhiteElo "2107"]
[BlackElo "1931"]
[PlyCount "75"]
[EventDate "2007.03.20"]
[EventType "swiss"]
[EventRounds "9"]
[EventCountry "GER"]
[SourceTitle "EXT 2008"]
[Source "ChessBase"]
[SourceDate "2007.11.25"]
[SourceVersion "1"]
[SourceVersionDate "2007.11.25"]
[SourceQuality "1"]

1. Nf3 Nf6 2. c4 e6 3. g3 b6 4. Bg2 Bb7 5. 0-0 Be7 6. b3 0-0 7. Bb2 d6 8. Nc3 Nbd7 9. d4 d5 10. Ne5 Rb8 11. Rc1 c5 12. Nxd7 Qxd7 13. dxc5 d4 14. c6 Bxc6 15. Bxc6 Qxc6 16. Qxd4 Rfd8 17. Qf4 Bd6 18. Qh4 Be5 19. Nd5 exd5 20. Bxe5 Rbc8 21. Bxf6 Qxf6 22. Qxf6 gxf6 23. cxd5 Rxc1 24. Rxc1 Rxd5 25. Rc7 Ra5 26. a4 b5 27. Rc5 a6 28. axb5 Rxb5 29. Rxb5 axb5 30. Kg2 Kf8 31. Kf3 Ke7 32. Ke4 Kd6 33. b4 Ke6 34. g4 Kd6 35. Kd4 Kc6 36. e4 Kd6 37. f4 h6 38. h3 1-0

[Event "Dortmund op-A"]
[Site "Dortmund"]
[Date "2004.07.29"]
[Round "7"]
[White "Mueller, Reinhold"]
[Black "Klink, Torben"]
[Result "1-0"]
[WhiteElo "2074"]
[BlackElo "2134"]
[PlyCount "65"]
[EventDate "2004.07.??"]
[EventType "swiss"]
[EventRounds "9"]
[EventCountry "GER"]
[SourceTitle "EXT 2006"]
[Source "ChessBase"]
[SourceDate "2005.11.24"]
[SourceVersion "1"]
[SourceVersionDate "2005.11.24"]
[SourceQuality "1"]

1. d4 Nf6 2. c4 c5 3. d5 e6 4. Nc3 exd5 5. cxd5 d6 6. e4 g6 7. f4 Qe7 8. Nf3 Bg4 9. h3 Bxf3 10. Qxf3 Bg7 11. Bd3 0-0 12. 0-0 Nbd7 13. Bd2 a6 14. a4 Rab8 15. Rfe1 Ne8 16. a5 Nc7 17. Kh1 b5 18. axb6 Rxb6 19. Na4 Rb3 20. Qe2 Nb5 21. Bc4 Nd4 22. Qf2 Rbb8 23. Bc3 Nb6 24. Nxb6 Rxb6 25. e5 dxe5 26. fxe5 Bxe5 27. Qe3 Re8 28. d6 Bxd6 29. Bxf7+ Qxf7 30. Qxe8+ Qxe8 31. Rxe8+ Kg7 32. Rd8 Be7 33. Rxd4 1-0

[Event "Dortmund op-A"]
[Site "Dortmund"]
[Date "2004.07.25"]
[Round "3"]
[White "Hossain, Enamul"]
[Black "Klink, Torben"]
[Result "1-0"]
[WhiteElo "2405"]
[BlackElo "2134"]
[PlyCount "78"]
[EventDate "2004.07.??"]
[EventType "swiss"]
[EventRounds "9"]
[EventCountry "GER"]
[SourceTitle "EXT 2006"]
[Source "ChessBase"]
[SourceDate "2005.11.24"]
[SourceVersion "1"]
[SourceVersionDate "2005.11.24"]
[SourceQuality "1"]

1. e4 c5 2. Nf3 Nc6 3. d4 cxd4 4. Nxd4 g6 5. Nc3 Bg7 6. Be3 Nf6 7. Bc4 Qa5 8. 0-0 0-0 9. Bb3 b5 10. Nd5 Nxd5 11. exd5 Nxd4 12. Bxd4 Bxd4 13. Qxd4 d6 14. Rfe1 Qc7 15. Qe3 Re8 16. a4 b4 17. Rad1 a5 18. Rd4 f6 19. Qh6 Rf8 20. Qe3 Rf7 21. Re4 Kf8 22. c3 bxc3 23. Rc4 Qd8 24. Qxc3 Ba6 25. Rc6 Kg7 26. Rc1 Rf8 27. Qe3 Bc8 28. h4 Rb8 29. Rc7 Re8 30. Bd1 Ba6 31. Bg4 f5 32. Bf3 Rb4 33. h5 f4 34. Qa7 Bd3 35. Rd7 Qb8 36. Rxe7+ Rxe7 37. Qxe7+ Kh6 38. hxg6 hxg6 39. Rc7 Qh8 1-0

[Event "Leipzig VfB op 11th"]
[Site "Leipzig"]
[Date "2004.03.19"]
[Round "6"]
[White "Friesse, Bernhard"]
[Black "Klink, Torben"]
[Result "1/2-1/2"]
[WhiteElo "2055"]
[BlackElo "1969"]
[PlyCount "31"]
[EventDate "2004.03.16"]
[EventType "swiss"]
[EventRounds "9"]
[EventCountry "GER"]
[SourceTitle "EXT 2007"]
[Source "ChessBase"]
[SourceDate "2006.11.23"]
[SourceVersion "1"]
[SourceVersionDate "2006.11.23"]
[SourceQuality "1"]

1. d4 Nf6 2. Nf3 c5 3. g3 e6 4. Bg2 Nc6 5. 0-0 d5 6. b3 cxd4 7. Nxd4 Be7 8. Bb2 0-0 9. c4 Re8 10. Nxc6 bxc6 11. Qc2 Bb7 12. Nd2 Nd7 13. e4 Bf6 14. exd5 exd5 15. cxd5 cxd5 16. Nf3 1/2-1/2

[Event "Leipzig VfB op 11th"]
[Site "Leipzig"]
[Date "2004.03.18"]
[Round "5"]
[White "Klink, Torben"]
[Black "Nierlich, Gerhard"]
[Result "1/2-1/2"]
[WhiteElo "1969"]
[BlackElo "2093"]
[PlyCount "136"]
[EventDate "2004.03.16"]
[EventType "swiss"]
[EventRounds "9"]
[EventCountry "GER"]
[SourceTitle "EXT 2007"]
[Source "ChessBase"]
[SourceDate "2006.11.23"]
[SourceVersion "1"]
[SourceVersionDate "2006.11.23"]
[SourceQuality "1"]

1. Nf3 c5 2. c4 Nc6 3. d4 cxd4 4. Nxd4 Nf6 5. Nc3 g6 6. g3 Bg7 7. Bg2 0-0 8. 0-0 a6 9. Nxc6 bxc6 10. c5 Bb7 11. Bd2 d6 12. cxd6 exd6 13. Rc1 d5 14. Na4 Nd7 15. Bc3 Bxc3 16. Rxc3 Re8 17. e3 a5 18. Qd4 Rb8 19. Nc5 Nxc5 20. Rxc5 Ba8 21. b3 Rb4 22. Qc3 Qb6 23. Rc1 Rb8 24. Bxd5 cxd5 25. Rc8+ Rxc8 26. Qxc8+ Kg7 27. Qxa8 a4 28. bxa4 Rb1 29. Qc8 Qb2 30. Rxb1 Qxb1+ 31. Kg2 Qe4+ 32. Kh3 Qxa4 33. Qc3+ Kg8 34. Qb3 Qd7+ 35. Kg2 Qc6 36. Qb8+ Kg7 37. Qe5+ Kg8 38. Qd4 Qa8 39. a4 h5 40. h4 Kh7 41. Kf3 Kg8 42. Ke2 Qa6+ 43. Kd2 Qf1 44. Qf4 Qa1 45. Qb8+ Kg7 46. Qb4 Qf1 47. Qf4 Qa6 48. Kc3 Qc6+ 49. Kb3 Qb6+ 50. Qb4 Qe6 51. Qd4+ Kg8 52. a5 Qf5 53. a6 Qb1+ 54. Ka4 Qa2+ 55. Kb5 Qb1+ 56. Kc6 Qc2+ 57. Kd6 Qxf2 58. Qa4 Qf6+ 59. Kxd5 Qe6+ 60. Kc5 Qxe3+ 61. Kb5 Qe8+ 62. Kb4 Qe7+ 63. Kb3 Qe3+ 64. Kc2 Qe2+ 65. Kc3 Qe3+ 66. Kb4 Qd4+ 67. Kb5 Qd7+ 68. Ka5 Qc7+ 1/2-1/2

[Event "Leipzig VfB op 11th"]
[Site "Leipzig"]
[Date "2004.03.17"]
[Round "2"]
[White "Wagner, Bernd"]
[Black "Klink, Torben"]
[Result "1/2-1/2"]
[WhiteElo "2138"]
[BlackElo "1969"]
[PlyCount "33"]
[EventDate "2004.03.16"]
[EventType "swiss"]
[EventRounds "9"]
[EventCountry "GER"]
[SourceTitle "EXT 2007"]
[Source "ChessBase"]
[SourceDate "2006.11.23"]
[SourceVersion "1"]
[SourceVersionDate "2006.11.23"]
[SourceQuality "1"]

1. d4 Nf6 2. c4 c5 3. Nf3 cxd4 4. Nxd4 b6 5. Nc3 Bb7 6. f3 e6 7. Bg5 a6 8. e4 d6 9. g3 Be7 10. Qa4+ Qd7 11. Bh3 Nc6 12. Be3 Qc7 13. 0-0 0-0 14. Rfd1 Rfe8 15. Rac1 Bf8 16. Nxc6 Bxc6 17. Qc2 1/2-1/2

[Event "Leipzig VfB op 10th"]
[Site "Leipzig"]
[Date "2003.03.16"]
[Round "9"]
[White "Klink, Torben"]
[Black "Zaerban, Jan Christopher"]
[Result "1-0"]
[WhiteElo "1969"]
[BlackElo "2099"]
[PlyCount "59"]
[EventDate "2003.03.11"]
[EventType "swiss"]
[EventRounds "9"]
[EventCountry "GER"]
[SourceTitle "EXT 2008"]
[Source "ChessBase"]
[SourceDate "2007.11.25"]
[SourceVersion "1"]
[SourceVersionDate "2007.11.25"]
[SourceQuality "1"]

1. Nf3 c5 2. c4 Nc6 3. Nc3 g6 4. e3 Nf6 5. d4 cxd4 6. exd4 d5 7. c5 Bg7 8. Bb5 0-0 9. Bxc6 bxc6 10. Qa4 Qc7 11. 0-0 Nd7 12. Bg5 Re8 13. Rfe1 Kf8 14. b4 Bb7 15. Qc2 e5 16. Be3 exd4 17. Bxd4 Ba6 18. b5 Bxb5 19. Nxb5 cxb5 20. c6 Ne5 21. Qc5+ Kg8 22. Bxe5 Bxe5 23. Nxe5 Rxe5 24. Qxb5 Rxe1+ 25. Rxe1 Rd8 26. Rc1 Kg7 27. Qb2+ Kg8 28. Qf6 Rd6 29. Qxd6 Qxd6 30. c7 1-0

[Event "Leipzig VfB op 10th"]
[Site "Leipzig"]
[Date "2003.03.12"]
[Round "3"]
[White "Klink, Torben"]
[Black "Rosenberger, Frank"]
[Result "0-1"]
[WhiteElo "1969"]
[BlackElo "2228"]
[PlyCount "54"]
[EventDate "2003.03.11"]
[EventType "swiss"]
[EventRounds "9"]
[EventCountry "GER"]
[SourceTitle "EXT 2008"]
[Source "ChessBase"]
[SourceDate "2007.11.25"]
[SourceVersion "1"]
[SourceVersionDate "2007.11.25"]
[SourceQuality "1"]

1. Nf3 d5 2. c4 e6 3. b3 Nf6 4. g3 c6 5. Bg2 Nbd7 6. Bb2 Bd6 7. 0-0 Qe7 8. d3 0-0 9. Nbd2 Re8 10. e4 dxe4 11. dxe4 e5 12. Qc2 a5 13. Nh4 g6 14. f4 Bc5+ 15. Kh1 Ng4 16. Nhf3 Ne3 17. Qc3 Nxf1 18. Rxf1 f6 19. Bh3 Bb4 20. Qc1 Bd6 21. Qa1 Nc5 22. Bg2 Nd3 23. Bc3 Bb4 24. a3 Bxc3 25. Qxc3 Rd8 26. Ne1 Nxe1 27. Rxe1 Bg4 0-1

[Event "Bad Zwesten op 6th"]
[Site "Bad Zwesten"]
[Date "2002.01.09"]
[Round "8"]
[White "Klink, Torben"]
[Black "Gerstenberger, Heinz"]
[Result "1/2-1/2"]
[WhiteElo "1936"]
[BlackElo "2174"]
[PlyCount "65"]
[EventDate "2002.01.04"]
[EventType "swiss"]
[EventRounds "9"]
[EventCountry "GER"]
[SourceTitle "CBM 086 Extra"]
[Source "ChessBase"]
[SourceDate "2002.03.14"]
[SourceVersion "1"]
[SourceVersionDate "2002.03.14"]
[SourceQuality "1"]

1. Nf3 Nf6 2. g3 b5 3. Bg2 Bb7 4. 0-0 e6 5. b3 Be7 6. Bb2 0-0 7. c4 bxc4 8. bxc4 d6 9. d3 Nbd7 10. Nbd2 Nc5 11. Bd4 Nfd7 12. Rb1 Rb8 13. Nb3 Nxb3 14. Rxb3 c5 15. Bc3 Bc6 16. Qa1 Bf6 17. Rfb1 Qc7 18. Nd2 Bxg2 19. Kxg2 Bxc3 20. Qxc3 Nb6 21. Qa5 f5 22. a4 e5 23. Qa6 Rbe8 24. a5 Nc8 25. Rb7 Qd8 26. R1b5 e4 27. Qc6 Qg5 28. Qd5+ Kh8 29. Nxe4 Qg6 30. Nc3 Qf6 31. Rb3 Qg6 32. Rc7 f4 33. Qf3 1/2-1/2

[Event "Bad Zwesten op 6th"]
[Site "Bad Zwesten"]
[Date "2002.01.08"]
[Round "7"]
[White "Klink, Torben"]
[Black "Lieder, Guenter"]
[Result "1-0"]
[WhiteElo "1936"]
[BlackElo "1705"]
[PlyCount "63"]
[EventDate "2002.01.04"]
[EventType "swiss"]
[EventRounds "9"]
[EventCountry "GER"]
[SourceTitle "CBM 086 Extra"]
[Source "ChessBase"]
[SourceDate "2002.03.14"]
[SourceVersion "1"]
[SourceVersionDate "2002.03.14"]
[SourceQuality "1"]

1. Nf3 d5 2. c4 dxc4 3. Na3 Nf6 4. Nxc4 e6 5. g3 Be7 6. Bg2 0-0 7. 0-0 Nbd7 8. b3 Rb8 9. Bb2 Ne8 10. Rc1 Nd6 11. d4 Nxc4 12. bxc4 c5 13. Qc2 Bf6 14. Rfd1 cxd4 15. Nxd4 Bxd4 16. Bxd4 b6 17. Be5 Nxe5 18. Rxd8 Rxd8 19. Rd1 Ba6 20. Rxd8+ Rxd8 21. c5 bxc5 22. f4 Ng6 23. Qxc5 Bxe2 24. Qxa7 h5 25. Qa5 Rd1+ 26. Kf2 Bg4 27. Bf3 Rc1 28. Qd2 Rc8 29. a4 Bf5 30. a5 Rc2 31. Qxc2 Bxc2 32. a6 1-0

[Event "Bad Zwesten op 6th"]
[Site "Bad Zwesten"]
[Date "2002.01.07"]
[Round "5"]
[White "Kuhn, Ulf"]
[Black "Klink, Torben"]
[Result "0-1"]
[WhiteElo "1695"]
[BlackElo "1936"]
[PlyCount "44"]
[EventDate "2002.01.04"]
[EventType "swiss"]
[EventRounds "9"]
[EventCountry "GER"]
[SourceTitle "CBM 086 Extra"]
[Source "ChessBase"]
[SourceDate "2002.03.14"]
[SourceVersion "1"]
[SourceVersionDate "2002.03.14"]
[SourceQuality "1"]

1. e4 c5 2. Nf3 Nc6 3. b3 d6 4. Bb2 e5 5. g3 Bg4 6. c3 Nf6 7. Qe2 d5 8. exd5 Qxd5 9. Bg2 0-0-0 10. h3 Bxf3 11. Bxf3 e4 12. Bg2 Ne5 13. 0-0 c4 14. Na3 Qxd2 15. Rfe1 Qxe2 16. Rxe2 cxb3 17. Bxe4 Nxe4 18. Rxe4 Nd3 19. Nc4 Bc5 20. Re2 Rhe8 21. Kf1 Rxe2 22. Kxe2 b5 0-1

[Event "Bad Zwesten op 6th"]
[Site "Bad Zwesten"]
[Date "2002.01.04"]
[Round "1"]
[White "Luther, Thomas"]
[Black "Klink, Torben"]
[Result "1-0"]
[WhiteElo "2573"]
[BlackElo "1936"]
[PlyCount "41"]
[EventDate "2002.01.04"]
[EventType "swiss"]
[EventRounds "9"]
[EventCountry "GER"]
[SourceTitle "CBM 086 Extra"]
[Source "ChessBase"]
[SourceDate "2002.03.14"]
[SourceVersion "1"]
[SourceVersionDate "2002.03.14"]
[SourceQuality "1"]

1. e4 d5 2. exd5 Qxd5 3. Nc3 Qa5 4. Nf3 Nf6 5. d4 c6 6. Bc4 Bf5 7. Qe2 e6 8. Bd2 Bb4 9. 0-0-0 Nbd7 10. Kb1 b5 11. Bb3 0-0 12. Nh4 Bg6 13. Nxg6 hxg6 14. h4 Qb6 15. h5 g5 16. Bxg5 a5 17. h6 g6 18. Bxf6 Nxf6 19. Qe5 Be7 20. Ne4 Qd8 21. d5 1-0